America : un diario visivo /

সংরক্ষণ করুন:
গ্রন্থ-পঞ্জীর বিবরন
প্রধান লেখক: Warhol, Andy (লেখক)
অন্যান্য লেখক: Mecacci, Andrea
বিন্যাস: গ্রন্থ
ভাষা:ইতালিয়
প্রকাশিত: Roma : Donzelli, 2009
মালা:Saggine ; 138
বিষয়গুলি:
ট্যাগগুলো: ট্যাগ যুক্ত করুন
কোনো ট্যাগ নেই, প্রথমজন হিসাবে ট্যাগ করুন!

MARC

LEADER 00000nam a22000007i 4500
001 IT\ICCU\UBO\3629779
003 ItRI
005 20260115232118.0
008 090511s2009 it |||||| ||||| |||||c
020 |a 9788860363343 
040 |b ita  |c importazione bologna sebina 
041 7 |a ita  |2 ISO-639-2 
082 |a 709.73  |9 BELLE ARTI E ARTI DECORATIVE. Stati Uniti  |2 20 
100 1 |a Warhol, Andy  |0 IT\ICCU\CFIV\003786  |4 aut 
245 1 0 |a America :  |b un diario visivo /  |c Andy Warhol ; edizione italiana a cura di Andrea Mecacci. 
260 |a Roma :  |b Donzelli,  |c 2009 
300 |a XXIII, 98 p. :  |b ill. ;  |c 17 cm. 
650 7 |a Arte  |x Stati Uniti d'America  |x Sec. 20.  |2 scbi 
650 7 |a Warhol, Andy 
700 1 |a Mecacci, Andrea  |0 IT\ICCU\TO0V\345042 
790 1 |a Warhola, Andrew  |3 IT\ICCU\BVEV\057710  |z Warhol, Andy 
830 0 |a Saggine ;  |v 138  |0 IT\ICCU\RAV\0233095 
942 |2 ddc  |c BK  |n 0 
952 |0 0  |1 0  |4 0  |6 DOC_709_730000000000000_WAR  |7 0  |9 20264  |a BO  |b BO  |d 2026-01-15  |i 13006  |l 0  |o DOC 709.73 WAR  |p BO13006  |r 2026-01-15 23:21:18  |w 2026-01-15  |x [Sebina 5] [1 v.]  |y BK  |z 1 v. 
999 |c 17289  |d 17289